000 01975cam a2200289 4500500
005 20260201150155.0
041 _afre
042 _adc
100 1 0 _aHamadi, Noreddine
_eauthor
245 0 0 _aL’équipe éducative : une épreuve pour les parents
260 _c2019.
500 _a15
520 _aCe texte détaille le fonctionnement d’une équipe éducative dans les écoles de quartiers populaires. Ces réunions mettent souvent les parents, qui ne sont pas toujours dans la même logique de partenariat que l’institution scolaire, dans des situations difficiles et elles ne sont pas satisfaisantes pour les enseignants. Chaque participant de la réunion est animé par un fantasme qui lui est propre au sujet de l’enfant. Il n’y a pas toujours circulation de ces fantasmes et la situation est souvent bloquée. L’auteur s’interroge, de sa place de psychologue, sur les moyens de déverrouiller ce dispositif.
520 _aThis text details the work of an educational team dealing with schools in working-class neighborhoods. Their meetings often place parents, who do not always subscribe to the same logic of partnership as the school institution, in a difficult position, and they are unsatisfying for the teachers. Each participant in the meeting is driven by his or her own particular phantasm, and the situation often becomes blocked. The author wonders, in his role as a psychologist, how this situation could be eased up.
690 _abienveillance
690 _adifficulté scolaire
690 _ahandicap socioculturel
690 _anormalisation
690 _apartenariat parents-école
690 _aeducational difficulty
690 _agoodwill
690 _anormalization
690 _aparent-school partnership
690 _asociocultural disability
786 0 _nEmpan | 113 | 1 | 2019-02-28 | p. 89-91 | 1152-3336
856 4 1 _uhttps://shs.cairn.info/revue-empan-2019-1-page-89?lang=fr&redirect-ssocas=7080
999 _c1642991
_d1642991